Problems of heat transfer and hydraulics of two-phase media (Record no. 54800)

MARC details
000 -LEADER
fixed length control field 00580nam a2200145 a 4500
008 - FIXED-LENGTH DATA ELEMENTS--GENERAL INFORMATION
fixed length control field 120416s1969 ||||||||||||||||| || u
050 ## - LIBRARY OF CONGRESS CALL NUMBER
Classification number TJ 265 Pro
100 ## - MAIN ENTRY--PERSONAL NAME
Personal name Kutateladze, Samson S
245 10 - TITLE STATEMENT
Title Problems of heat transfer and hydraulics of two-phase media
Statement of responsibility, etc. edited in the Russian by S. S. Kutateladze
246 ## - VARYING FORM OF TITLE
Title proper/short title a symposium
260 ## - PUBLICATION, DISTRIBUTION, ETC.
Place of publication, distribution, etc. Oxford
Name of publisher, distributor, etc. Pergamon Press
Date of publication, distribution, etc. 1969
300 ## - PHYSICAL DESCRIPTION
Extent x, 491p. : ill.
350 ## - PRICE (NR) (BK AM CF MU VM SE) [OBSOLETE]
Price 0.00
995 ## - RECOMMENDATION 995 [LOCAL, UNIMARC FRANCE]
-- 0.00
-- CBU-MAIN LIBRARY (Kitwe)
-- 1
-- 8.25
-- 1
-- AVAILABLE
-- Main Library Open Access Collection
Holdings
Withdrawn status Lost status Source of classification or shelving scheme Damaged status Not for loan Home library Current library Shelving location Date acquired Total Checkouts Full call number Barcode Date last seen Price effective from Koha item type
          CBU-MAIN LIBRARY, KITWE. CBU-MAIN LIBRARY, KITWE.   11/30/2022   TJ 265 Pro 017768 11/30/2022 11/30/2022 MONOGRAPH